000 01270nas a2200349 c 4500
001 25700
003 ES-MaCES
005 20161025125927.0
008 980525d19962001sp m| | 0spa d
035 _aCES19980006837p
_z10699
040 _aES-MaCES
_bspa
_cES-MaCES
245 0 0 _aArgus Manpower
_b: publicación mensual, noticias sobre el empleo y el mundo del trabajo
_cManpower, empresa de trabajo temporal
260 _aBarcelona (Córcega, 2º,08037)
_bManpower
_c1996-2001
300 _av.
_c28 cm
310 _aMensual
362 0 _aN. 1 (en. 1996)-n. 41 (en.-feb. 2001)
500 _aResume noticias de prensa internacional
541 _cGratuito
650 4 _acondiciones de trabajo
_928327
650 4 _arecursos humanos
_928291
650 4 _aempleo
_928299
650 4 _928369
_arelaciones laborales
653 1 0 _aRelaciones laborales-Empleo
710 2 _aManpower
_94503
785 0 0 _tManpower : una visión sobre el empleo y los recursos humanos
_w(ES-MaCES)25916
853 2 1 _bn.
_iaño
_jmes
_vc
_wm
866 0 _a1996-2001.
_zUbicación: DEPÓSITO - 10699
905 _1Boletín B
_p+
942 _2CES
_cCR
_h2.0.
999 _c25700
_d25700